000 01008nam a2200265Ia 4500
003 GCL
008 140319s9999 xx 000 0 ara d
020 _a7185322977
040 _aGCL /
_cGCL
082 0 4 _a909.04924
_bع ي
100 1 _aعلى احمد محمد السيد
245 1 0 _aاليهود فى شرق البحر المتوسط /
_cعلى احمد محمد السيد
250 _aالاولى
260 _aالقاهرة :
_bعين للدراسات والبحوث الانسانية والاجتماعية ،
_c2006
300 _a282 ص ؛
_c24 سم
650 0 4 _aاليهود فى مصر
650 0 4 _aالاماكن المقدسة
650 0 4 _aالعرب واليهود
650 0 4 _aاليهود فى اليمن
650 0 4 _aاليهود - احتفالات واعياد
650 0 4 _aاليهود - احوال اجتماعية
650 0 4 _aاليهود - احوال سياسية
650 0 4 _aاليهود - تاريخ - القرن الخامس عشر
942 _2ddc
_cBK
999 _c9700
_d9700